Obama : (Record no. 126881)

MARC details
000 -LEADER
campo de control de longitud fija 05264cam a2200805 i 4500
001 - NÚMERO DE CONTROL
campo de control 19618235
003 - IDENTIFICADOR DE NÚMERO DE CONTROL
campo de control BJBSDDR
005 - FECHA Y HORA DE LA ÚLTIMA TRANSACCIÓN
campo de control 20260421160645.0
006 - CÓDIGOS DE INFORMACIÓN DE LONGITUD FIJA--CARACTERÍSTICAS DEL MATERIAL ADICIONAL
campo de control de longitud fija a|||||r|||| 00| 0
007 - CAMPO FIJO DE DESCRIPCIÓN FÍSICA--INFORMACIÓN GENERAL
campo de control de longitud fija ta
008 - DATOS DE LONGITUD FIJA--INFORMACIÓN GENERAL
campo de control de longitud fija 170428s2017 nyua r 000 0deng c
010 ## - NÚMERO DE CONTROL DE LA BIBLIOTECA DEL CONGRESO
Número de control de LC 2017941348
020 ## - NÚMERO INTERNACIONAL ESTÁNDAR DEL LIBRO
Número Internacional Estándar del Libro 9780316512589
Información calificativa (hardcover)
020 ## - NÚMERO INTERNACIONAL ESTÁNDAR DEL LIBRO
Número Internacional Estándar del Libro 0316512583
Información calificativa (hardcover)
020 ## - NÚMERO INTERNACIONAL ESTÁNDAR DEL LIBRO
Número Internacional Estándar del Libro 9780316512596
Información calificativa (deluxe slipcased edition)
020 ## - NÚMERO INTERNACIONAL ESTÁNDAR DEL LIBRO
Número Internacional Estándar del Libro 0316512591
Información calificativa (deluxe slipcased edition)
035 ## - NÚMERO DE CONTROL DEL SISTEMA
Número de control de sistema 19618235
035 ## - NÚMERO DE CONTROL DEL SISTEMA
Número de control de sistema (OCoLC)982093620
037 ## - FUENTE DE ADQUISICIÓN
Fuente del número de adquisición Little Brown & Co, 53 State st 9th Fl, Boston, MA, USA, 02109, (617)2270730
Nota SAN 200-2205
040 ## - FUENTE DE CATALOGACIÓN
Centro catalogador/agencia de origen BTCTA
Lengua de catalogación eng
Centro/agencia transcriptor BTCTA
Normas de descripción rda
Centro/agencia modificador YDX
-- BDX
-- BYV
-- TOH
-- YQR
-- CPL
-- IGA
-- ZHB
-- IUK
-- FFL
-- IBI
-- GK8
-- DAD
-- PFLCL
-- FMB
-- TCH
-- T3B
-- VP@
-- NHP
-- OCLCF
-- KYC
-- NDS
-- OBE
-- CSA
-- TXLPL
-- WIMVL
-- TU6
-- OV4
-- IDS
-- JO3
-- CNEDM
-- VTU
-- JSU
-- IUL
-- KE7
-- P@N
-- AZD
-- OCLCQ
-- GZN
-- OCLCO
-- LE@
-- XK4
-- UPM
-- ICJ
-- ILK
-- JUX
-- NRC
-- OCLCQ
-- INO
-- OCLCO
-- JX6
-- UP5
-- JP3
-- BFI
-- WTU
-- TXWAL
-- EYM
-- GRC
-- ILM
-- PNX
-- IOS
-- CUY
-- CCH
-- DKC
-- LSH
-- B@L
-- HLS
-- DUD
-- ST5
-- FPB
-- FJD
-- FYM
-- TOP
-- TCJ
-- MJ8
-- KYD
-- FSP
-- XOJ
-- TEU
-- HCO
-- GXR
-- OI6
-- GILDS
-- OWE
-- NFR
-- MND
-- MDK
-- PX9
-- PAU
-- JPI
-- JZM
-- UOK
-- EYB
-- ORK
-- FTX
-- CREBL
-- YS@
-- GOU
-- M@S
-- ETC
-- OJ4
-- SDB
-- XZ9
-- RCL
-- MUO
-- FQG
-- OCK
-- CPS
-- SPP
-- JY4
-- OCLCQ
-- NAM
-- T7A
-- TWJ
-- LEPLL
-- IDB
-- WYZ
-- PEX
-- PLS
-- NTG
-- FIC
-- FMU
-- JGS
-- ZPX
-- INT
-- IH7
-- JX7
-- ALV
-- JDP
-- FLWMD
-- VAN
-- CRP
-- JN8
-- BPE
-- T3H
-- CGP
-- TXUPP
-- TXLYM
-- BPLCP
-- OVY
-- HLNDP
-- TXGPM
-- KOTUI
-- W8A
-- HZH
-- MLSOD
-- CUI
-- TX7
-- WYU
-- OCLCQ
-- RKWLC
-- DLC
041 ## - CÓDIGO DE IDIOMA
Código de lengua del texto/banda sonora o título independiente eng
042 ## - CÓDIGO DE AUTENTICACIÓN
Código de autenticación pcc
043 ## - CÓDIGO DE ÁREA GEOGRÁFICA
Código de área geográfica n-us---
050 00 - SIGNATURA TOPOGRÁFICA DE LA BIBLIOTECA DEL CONGRESO
Número de clasificación E908
Número de ítem .S729o 2017
082 00 - NÚMERO DE LA CLASIFICACIÓN DECIMAL DEWEY
Número de clasificación 973.932092
Número de edición 23
100 ## - ENTRADA PRINCIPAL--NOMBRE DE PERSONA
Nombre de persona Souza, Pete,
Fechas asociadas al nombre 1954-
Término indicativo de función/relación photographer.
9 (RLIN) 1777
245 10 - MENCIÓN DEL TÍTULO
Título Obama :
Resto del título an intimate portrait /
Mención de responsabilidad, etc. Pete Souza ; foreword by Barack Obama.
250 ## - MENCION DE EDICION
Mención de edición First edition.
264 #1 - PRODUCCIÓN, PUBLICACIÓN, DISTRIBUCIÓN, FABRICACIÓN Y COPYRIGHT
Producción, publicación, distribución, fabricación y copyright New York, NY :
Nombre del de productor, editor, distribuidor, fabricante Little, Brown and Company,
Fecha de producción, publicación, distribución, fabricación o copyright 2017.
264 #4 - PRODUCCIÓN, PUBLICACIÓN, DISTRIBUCIÓN, FABRICACIÓN Y COPYRIGHT
Fecha de producción, publicación, distribución, fabricación o copyright ©2017
300 ## - DESCRIPCIÓN FÍSICA
Extensión 349 pages :
Otras características físicas illustrations (chiefly color) ;
Dimensiones 26 x 32 cm
336 ## - TIPO DE CONTENIDO
Término de tipo de contenido text
Código de tipo de contenido txt
Fuente rdacontent
336 ## - TIPO DE CONTENIDO
Término de tipo de contenido still image
Código de tipo de contenido sti
Fuente rdacontent
337 ## - TIPO DE MEDIO
Nombre/término del tipo de medio unmediated
Código del tipo de medio n
Fuente rdamedia
338 ## - TIPO DE SOPORTE
Nombre/término del tipo de soporte volume
Código del tipo de soporte nc
Fuente rdacarrier
500 ## - NOTA GENERAL
Nota general "44"--Cover.
505 0# - NOTA DE CONTENIDO CON FORMATO
Nota de contenido con formato Foreword / Barack Obama -- Introduction -- First Term -- Second Term.
520 ## - RESUMEN, ETC.
Sumario, etc. During Barack Obama's two terms, Pete Souza was with the President during more crucial moments than anyone else, and he photographed them all. Souza captured nearly two million photographs of President Obama, in moments highly classified and disarmingly candid. Now he presents more than 300 of the most iconic photographs with fine-art print quality in an oversize format. Together they document the most consequential hours of the Presidency (including the historic image of Obama and his advisors in the Situation Room during the bin Laden mission) alongside unguarded moments with the President's family, his encounters with children, interactions with world leaders and cultural figures, and more. Souza's photographs, with the behind-the-scenes captions and stories that accompany them, communicate the pace and power of our nation's highest office. They also reveal the spirit of the man who became our President. We see President Obama lead our nation through monumental challenges, comfort us in calamity and loss, share in hard-won victories, and set an example to "be kind and be useful," as he would instruct his daughters.
600 10 - PUNTO DE ACCESO ADICIONAL DE MATERIA--NOMBRE DE PERSONA
Nombre de persona Obama, Barack
Subdivisión de forma Portraits.
600 10 - PUNTO DE ACCESO ADICIONAL DE MATERIA--NOMBRE DE PERSONA
Nombre de persona Obama, Barack
Subdivisión de forma Pictorial works.
600 10 - PUNTO DE ACCESO ADICIONAL DE MATERIA--NOMBRE DE PERSONA
Nombre de persona Obama, Barack
Subdivisión general Family
Subdivisión de forma Pictorial works.
600 30 - PUNTO DE ACCESO ADICIONAL DE MATERIA--NOMBRE DE PERSONA
Nombre de persona Obama family.
600 17 - PUNTO DE ACCESO ADICIONAL DE MATERIA--NOMBRE DE PERSONA
Nombre de persona Obama, Barack.
Fuente del encabezamiento o término fast
Número de control del registro de autoridad o número normalizado (OCoLC)fst00348231
600 37 - PUNTO DE ACCESO ADICIONAL DE MATERIA--NOMBRE DE PERSONA
Nombre de persona Obama family.
Fuente del encabezamiento o término fast
Número de control del registro de autoridad o número normalizado (OCoLC)fst01770768
650 #0 - PUNTO DE ACCESO ADICIONAL DE MATERIA--TÉRMINO DE MATERIA
Término de materia o nombre geográfico como elemento de entrada Presidents
Subdivisión geográfica United States
Subdivisión de forma Pictorial works.
650 #0 - PUNTO DE ACCESO ADICIONAL DE MATERIA--TÉRMINO DE MATERIA
Término de materia o nombre geográfico como elemento de entrada Presidents
Subdivisión geográfica United States
Subdivisión general Family
Subdivisión de forma Pictorial works.
650 #4 - PUNTO DE ACCESO ADICIONAL DE MATERIA--TÉRMINO DE MATERIA
Término de materia o nombre geográfico como elemento de entrada new list current.
650 #7 - PUNTO DE ACCESO ADICIONAL DE MATERIA--TÉRMINO DE MATERIA
Término de materia o nombre geográfico como elemento de entrada PHOTOGRAPHY
Subdivisión general History.
Fuente del encabezamiento o término bisacsh
650 #7 - PUNTO DE ACCESO ADICIONAL DE MATERIA--TÉRMINO DE MATERIA
Término de materia o nombre geográfico como elemento de entrada PHOTOGRAPHY
Subdivisión general Individual Photographers
-- Artists' Books.
Fuente del encabezamiento o término bisacsh
650 #7 - PUNTO DE ACCESO ADICIONAL DE MATERIA--TÉRMINO DE MATERIA
Término de materia o nombre geográfico como elemento de entrada PHOTOGRAPHY
Subdivisión general Photojournalism.
Fuente del encabezamiento o término bisacsh
650 #7 - PUNTO DE ACCESO ADICIONAL DE MATERIA--TÉRMINO DE MATERIA
Término de materia o nombre geográfico como elemento de entrada PHOTOGRAPHY
Subdivisión general Subjects & Themes
-- Celebrity.
Fuente del encabezamiento o término bisacsh
650 #7 - PUNTO DE ACCESO ADICIONAL DE MATERIA--TÉRMINO DE MATERIA
Término de materia o nombre geográfico como elemento de entrada Families.
Fuente del encabezamiento o término fast
Número de control del registro de autoridad o número normalizado (OCoLC)fst01728849
650 #7 - PUNTO DE ACCESO ADICIONAL DE MATERIA--TÉRMINO DE MATERIA
Término de materia o nombre geográfico como elemento de entrada Presidents.
Fuente del encabezamiento o término fast
Número de control del registro de autoridad o número normalizado (OCoLC)fst01075723
650 #7 - PUNTO DE ACCESO ADICIONAL DE MATERIA--TÉRMINO DE MATERIA
Término de materia o nombre geográfico como elemento de entrada Presidents
Subdivisión general Family.
Fuente del encabezamiento o término fast
Número de control del registro de autoridad o número normalizado (OCoLC)fst01075761
650 #7 - PUNTO DE ACCESO ADICIONAL DE MATERIA--TÉRMINO DE MATERIA
Término de materia o nombre geográfico como elemento de entrada Presidents
Subdivisión geográfica United States
Subdivisión de forma Pictorial works.
Fuente del encabezamiento o término sears
651 #7 - PUNTO DE ACCESO ADICIONAL DE MATERIA--NOMBRE GEOGRÁFICO
Nombre geográfico United States.
Fuente del encabezamiento o término fast
Número de control del registro de autoridad o número normalizado (OCoLC)fst01204155
651 #7 - PUNTO DE ACCESO ADICIONAL DE MATERIA--NOMBRE GEOGRÁFICO
Nombre geográfico United States
Subdivisión general History
Subdivisión cronológica 21st century.
Fuente del encabezamiento o término sears
655 #4 - TERMINO DE INDIZACIÓN--GENERO/FORMA
Datos o término principal de género/forma Biographies.
655 #7 - TERMINO DE INDIZACIÓN--GENERO/FORMA
Datos o término principal de género/forma Illustrated works.
Fuente del término fast
Número de control del registro de autoridad o número normalizado (OCoLC)fst01423873
655 #7 - TERMINO DE INDIZACIÓN--GENERO/FORMA
Datos o término principal de género/forma Pictorial works.
Fuente del término fast
Número de control del registro de autoridad o número normalizado (OCoLC)fst01423874
655 #7 - TERMINO DE INDIZACIÓN--GENERO/FORMA
Datos o término principal de género/forma Portraits.
Fuente del término fast
Número de control del registro de autoridad o número normalizado (OCoLC)fst01423831
655 #7 - TERMINO DE INDIZACIÓN--GENERO/FORMA
Datos o término principal de género/forma Illustrated works.
Fuente del término lcgft
700 1# - ENTRADA AGREGADA--NOMBRE PERSONAL
Nombre de persona Obama, Barack,
Fechas asociadas al nombre 1961-
Término indicativo de función/relación writer of foreword.
9 (RLIN) 497
856 42 - LOCALIZACIÓN Y ACCESO ELECTRÓNICOS
Identificador Uniforme de Recursos <a href="http://www.petesouza.com/">http://www.petesouza.com/</a>
856 42 - LOCALIZACIÓN Y ACCESO ELECTRÓNICOS
Instrucciones Input this URL in a browser to get HTML More Info data.
Tipo de formato electrónico HTML
Identificador Uniforme de Recursos <a href="http://firstsearch.oclc.org/WebZ/DECRead?standardNoType=1&standardNo=0316512583&sessionid=0&srcdbname=worldcat&key=443d0548434cf1a05b49bf5265bfda4fcbcfb61098d958bb7e1d89b649d52caa&ectype=MOREINFO">http://firstsearch.oclc.org/WebZ/DECRead?standardNoType=1&standardNo=0316512583&sessionid=0&srcdbname=worldcat&key=443d0548434cf1a05b49bf5265bfda4fcbcfb61098d958bb7e1d89b649d52caa&ectype=MOREINFO</a>
Materiales especificados More Info
906 ## - ELEMENTOS DE DATOS F LOCAL, LDF (RLIN)
a 7
b cbc
c pccadap
d 2
e epcn
f 20
g y-gencatlg
942 ## - ELEMENTOS DE ENTRADA SECUNDARIOS (KOHA)
Fuente del sistema de clasificación o colocación Clasificación de Library of Congress
Suprimir en OPAC No
Tipo de ítem Koha Libro
946 ## - PROCESAMIENTO DE INFORMACIÓN LOCAL (OCLC)
Iniciales del agente catalogador llh
Holdings
Estatus retirado Estado de pérdida Fuente del sistema de clasificación o colocación Estado de daño No para préstamo Colección Biblioteca de origen Biblioteca actual Ubicación en estantería Fecha de adquisición Signatura topográfica completa Código de barras Visto por última vez Copia número Tipo de ítem Koha
    Clasificación de Library of Congress     Automatización y Procesos Técnicos Biblioteca Juan Bosch Biblioteca Juan Bosch Automatización y Procesos Técnicos (1er. Piso) 21/04/2026 E908 .S729o 2017 00000198618 21/04/2026 1 Libro